000
00320nam a22001217a 4500
003
SGT
082
_a
370
_b
JAI
100
_a
JAIN, DR. K.C.
245
_a
प्राथमिक स्तर पर अध्यापक के कार्य
260
_a
DELHI
_b
LUXMI PUB
_c
2015
300
_a
201
942
_2
ddc
_c
BK
999
_c
17563
_d
17563